01736 a2200301 45000010006000000050017000060080041000230030015000640400040000790800038001192450078001570200022002352640043002573000019003005050721003190410008010409420007010485900036010551000018010917000022011097000017011317000022011487000018011707000021011887000019012099990015012289520191012436061620260407155857.0260407a2012 arg spa dAR-UNSa-BCEJYS aAR-UNSa-BCEJYSbspacAR-UNSa-BCEJYS a336.74xMoneda. Sistema monetario10aMoneda social y mercados solidarios IIpLa moneda social como lazo social a978-987-1599-90-5 1aBuenos Aires :bEdiciones CICCUSc2012 a318 p.c22 cm. aSección I: Los debates actuales sobre moneda y moneda social. Su vinculación con las experiencias estudiadas - 1. Las monedas sociales y el debate sobre el origen del dinero - 2. La moneda social como institución necesaria en la transición hacia “otra economía” – 3. La formación de precios en las Redes de Trueque – 4. ¿Monedas para el cambio social? Algunas reflexione acerca del trueque argentino – Sección II: 1. La experiencia de la cooperativa y Banco de Horas de Trabajo Olga Cossettini, Capilla delo Monte de Córdoba – 2. La experiencia de la Economía Naturalista de Venado Tuerto – 3. La experiencia de General Rodríguez - 4. La experiencia del trueque ancestral de Iruya. aspa cBK aniveau_biblio:m niveau_hierar:01 aOrzi, Ricardo1 aBorrello, Ricardo1 aCosta, Carla1 aGómez, Georgina1 aHerrera, Rosa1 aPlasencia, Adela1 aSaiag, Hadrien c7072d7072 00104070aBCEJYSbBCEJYSc16d2026-04-07l0o336.74 O63pL129263r2026-04-07 15:58:57w2026-04-07yLzCANTO SUPERIOR MANCHADO CON ROJO - PRIMERAS PÁGINAS DOBLADAS EN ESQUINA SUPERIOR